[Event "Barcelona Sants op 24th"]
[Site "Barcelona"]
[Date "2023.08.26"]
[Round "9"]
[White "Jacobson, Aaron"]
[Black "Berdayes Ason, Dylan Isidro"]
[Result "1/2-1/2"]
[WhiteElo "2343"]
[BlackElo "2480"]
[PlyCount "181"]
[EventDate "2023.08.18"]
[EventType "swiss"]
[EventRounds "10"]
[EventCountry "ESP"]
[SourceTitle "CBM 215 Extra"]
[Source "ChessBase"]
[SourceDate "2023.09.30"]
[SourceVersion "1"]
[SourceVersionDate "2023.09.30"]
[SourceQuality "1"]

1. e4 c5 2. Nf3 e6 3. d4 cxd4 4. Nxd4 Nc6 5. Nc3 a6 6. Nxc6 bxc6 7. Bd3 d5 8. 0-0 Nf6 9. Re1 Be7 10. e5 Nd7 11. Qg4 Kf8 12. Na4 h5 13. Qf4 Kg8 14. b3 c5 15. c4 d4 16. Qe4 Rb8 17. f4 Bb7 18. Qe2 g6 19. Bc2 a5 20. Nb2 Qc7 21. Bd2 Ra8 22. Rf1 Kg7 23. a4 Qc6 24. Nd3 Qe4 25. Rae1 Qxe2 26. Rxe2 Rhb8 27. Be1 Bc6 28. Bd2 Ra7 29. Nc1 Bd8 30. Ree1 Rab7 31. Re2 Ra8 32. Rff2 Bc7 33. Rf1 Rg8 34. Be1 Bd8 35. Bd2 Kf8 36. Nd3 Kg7 37. Rff2 Bh4 38. Rf1 Ra8 39. Nc1 Nb6 40. Bd3 Bd8 41. Rfe1 Nc8 42. Bc2 Ne7 43. Nd3 Bb6 44. Bc1 Rc7 45. Ba3 Bb7 46. Bc1 Nf5 47. Kf2 Rb8 48. Bd2 Ba8 49. Ra1 Rcc8 50. Kg1 Bd8 51. Rae1 Rb7 52. Ra1 Ra7 53. Rae1 Be7 54. Rf1 Kf8 55. Ra1 Ke8 56. Kf1 Kd7 57. Ke1 Nh4 58. Kf1 Kc7 59. Kg1 Kb6 60. Be1 Nf5 61. Bd2 Rg8 62. Nf2 Rd7 63. Nd3 Bc6 64. Rf1 Ka6 65. Ra1 Rb7 66. Ra3 Rbb8 67. Ra1 Kb6 68. Rf1 Rg7 69. Bc1 Rbg8 70. Nf2 Rd8 71. Bd3 g5 72. Bxf5 exf5 73. fxg5 Bxg5 74. Bxg5 Rxg5 75. Nh3 Rg4 76. Rxf5 Rd7 77. Nf4 h4 78. Rf6 d3 79. Rd2 Kc7 80. Kf2 Be4 81. e6 fxe6 82. Nxe6+ Kc6 83. Ng5+ Kb7 84. Nxe4 Rxe4 85. Kf3 Re1 86. Kf2 Rb1 87. Rf5 Kb6 88. Rf6+ Kb7 89. Rf5 Kb6 90. Rf6+ Kb7 91. Rf3 1/2-1/2

[Event "Barcelona Sants op 24th"]
[Site "Barcelona"]
[Date "2023.08.25"]
[Round "8"]
[White "Berdayes Ason, Dylan Isidro"]
[Black "Campos Gomez, Manuel"]
[Result "1-0"]
[WhiteElo "2480"]
[BlackElo "2307"]
[PlyCount "145"]
[EventDate "2023.08.18"]
[EventType "swiss"]
[EventRounds "10"]
[EventCountry "ESP"]
[SourceTitle "CBM 215 Extra"]
[Source "ChessBase"]
[SourceDate "2023.09.30"]
[SourceVersion "1"]
[SourceVersionDate "2023.09.30"]
[SourceQuality "1"]

1. e4 Nf6 2. e5 Nd5 3. d4 d6 4. Nf3 dxe5 5. Nxe5 c6 6. Be2 Bf5 7. 0-0 Nd7 8. Nf3 g6 9. c4 Nc7 10. Nc3 Nb6 11. Be3 Bg7 12. Qb3 0-0 13. a4 Rb8 14. Rfd1 Nc8 15. d5 cxd5 16. Nxd5 Nxd5 17. Rxd5 Qc7 18. Nd4 Be4 19. Nb5 Qc6 20. Rc5 Qf6 21. Bd4 Qa6 22. Bxg7 Kxg7 23. Qg3 Nd6 24. Qe5+ Kg8 25. Qxe7 Rbd8 26. Rc7 Nxb5 27. cxb5 Qb6 28. Bc4 Bd5 29. Bxd5 Rxd5 30. Rxb7 Qd4 31. Rxa7 Re5 32. Qb7 Qxb2 33. Rf1 Qb3 34. Qf3 Qc4 35. h3 Rfe8 36. Rd1 Rf5 37. Ra8 Rxf3 38. Rxe8+ Kg7 39. gxf3 Qb3 40. Rd4 Qc3 41. Red8 Qxf3 42. b6 Qc6 43. R8d6 Qc1+ 44. Kh2 h5 45. Rd2 Qc5 46. Kg2 Qg5+ 47. Kf1 Qh4 48. R2d3 Qxa4 49. b7 Qb5 50. Rd7 Kh6 51. Kg1 f5 52. Re3 f4 53. Re8 Qb1+ 54. Kg2 f3+ 55. Kxf3 Qf5+ 56. Kg2 Qg5+ 57. Kf1 Qb5+ 58. Re2 h4 59. Rde7 Qb3 60. Kg2 Qd5+ 61. R2e4 Qg5+ 62. Kh1 Qc1+ 63. Kh2 Qb2 64. Kg2 Kg5 65. Rf7 Qb5 66. Rg4+ Kh6 67. Rxh4+ Kg5 68. Rg4+ Kh6 69. Rh4+ Kg5 70. f4+ Kxh4 71. Rh7+ Qh5 72. Rxh5+ gxh5 73. Kf3 1-0

[Event "Barcelona Sants op 24th"]
[Site "Barcelona"]
[Date "2023.08.19"]
[Round "2"]
[White "Berdayes Ason, Dylan Isidro"]
[Black "Moya Nunez, Pau Salvador"]
[Result "1-0"]
[WhiteElo "2480"]
[BlackElo "2167"]
[PlyCount "77"]
[EventDate "2023.08.18"]
[EventType "swiss"]
[EventRounds "10"]
[EventCountry "ESP"]
[SourceTitle "CBM 215 Extra"]
[Source "ChessBase"]
[SourceDate "2023.09.30"]
[SourceVersion "1"]
[SourceVersionDate "2023.09.30"]
[SourceQuality "1"]

1. c4 g6 2. Nc3 e5 3. d4 exd4 4. Qxd4 Qf6 5. Qd2 Bb4 6. e4 Bxc3 7. bxc3 d6 8. Ne2 Nc6 9. Nf4 Be6 10. Nd5 Qd8 11. Be2 h6 12. 0-0 Qd7 13. Qb2 Rb8 14. Be3 b6 15. Rad1 Kf8 16. f4 Kg7 17. Bd3 f6 18. Bd4 Qf7 19. Qf2 Nxd4 20. cxd4 Bxd5 21. cxd5 Re8 22. f5 g5 23. Rc1 h5 24. Rc6 Re7 25. Rfc1 Rh7 26. R1c3 Kh8 27. Qc2 Rg7 28. Ba6 Qe8 29. Bd3 Nh6 30. R3c4 Qf7 31. Qd2 Qe8 32. e5 dxe5 33. d6 Ref7 34. d5 Ng8 35. dxc7 Qc8 36. d6 Rd7 37. Rc1 Ne7 38. dxe7 Rgxe7 39. Qe2 1-0

[Event "Badalona op 47th"]
[Site "Badalona"]
[Date "2023.08.04"]
[Round "3"]
[White "Berdayes Ason, Dylan Isidro"]
[Black "Aishwin, Daniel"]
[Result "1-0"]
[WhiteElo "2480"]
[BlackElo "2100"]
[PlyCount "137"]
[EventDate "2023.08.02"]
[EventType "swiss"]
[EventRounds "9"]
[EventCountry "ESP"]
[SourceTitle "CBM 215 Extra"]
[Source "ChessBase"]
[SourceDate "2023.09.30"]
[SourceVersion "1"]
[SourceVersionDate "2023.09.30"]
[SourceQuality "1"]

1. d4 e6 2. c4 f5 3. g3 Nf6 4. Bg2 Be7 5. Nf3 d6 6. 0-0 0-0 7. Nc3 Ne4 8. Nxe4 fxe4 9. Nd2 d5 10. f3 Nc6 11. e3 exf3 12. Bxf3 Na5 13. Qe2 b6 14. b3 Bb7 15. Bb2 c5 16. Rad1 Qc7 17. e4 dxc4 18. Nxc4 cxd4 19. Nxa5 bxa5 20. Bxd4 Bc5 21. Kg2 Bxd4 22. Rxd4 Rad8 23. Rfd1 Rxd4 24. Rxd4 e5 25. Rd2 h6 26. Qc4+ Qxc4 27. bxc4 Rf7 28. Rc2 g5 29. h3 h5 30. Rc3 h4 31. c5 Bc6 32. Rd3 Rb7 33. Rd6 Rb2+ 34. Kg1 Ba4 35. gxh4 gxh4 36. Ra6 Bd7 37. Rxa7 Bxh3 38. Rxa5 Rc2 39. Bd1 Rc1 40. Kh2 Rxd1 41. Kxh3 Kf7 42. Kxh4 Rd4 43. Kg5 Rxe4 44. Kf5 Re2 45. Ra7+ Ke8 46. Ke6 Kd8 47. Kd6 Kc8 48. Re7 Rd2+ 49. Kc6 Kd8 50. Ra7 e4 51. Ra8+ Ke7 52. Ra4 e3 53. Kc7 Rd7+ 54. Kb6 Rd2 55. Re4+ Kd8 56. Rxe3 Rxa2 57. Rh3 Rc2 58. Kc6 Rd2 59. Rh8+ Ke7 60. Kc7 Rd7+ 61. Kb6 Rd1 62. c6 Rb1+ 63. Kc7 Rc1 64. Rh2 Re1 65. Rd2 Ke8 66. Kc8 Ke7 67. c7 Rc1 68. Re2+ Kd6 69. Kd8 1-0

[Event "Badalona op 47th"]
[Site "Badalona"]
[Date "2023.08.02"]
[Round "1"]
[White "Berdayes Ason, Dylan Isidro"]
[Black "Kersten, Julian"]
[Result "1-0"]
[WhiteElo "2480"]
[BlackElo "1950"]
[PlyCount "97"]
[EventDate "2023.08.02"]
[EventType "swiss"]
[EventRounds "9"]
[EventCountry "ESP"]
[SourceTitle "CBM 215 Extra"]
[Source "ChessBase"]
[SourceDate "2023.09.30"]
[SourceVersion "1"]
[SourceVersionDate "2023.09.30"]
[SourceQuality "1"]

1. e4 e6 2. d4 d5 3. Nd2 c5 4. exd5 exd5 5. Ngf3 Nc6 6. Bb5 Qe7+ 7. Be2 Qc7 8. 0-0 Nf6 9. dxc5 Bxc5 10. Nb3 Be7 11. Bg5 0-0 12. c3 Be6 13. Nbd4 Ng4 14. Bxe7 Nxd4 15. Qxd4 Qxe7 16. h3 Nf6 17. Rfe1 Qc7 18. Bd3 Rfe8 19. Re2 Nh5 20. Re5 Nf6 21. Rae1 h6 22. a3 a6 23. R5e3 Rad8 24. Qh4 Qb6 25. R1e2 Bd7 26. Ne5 Bb5 27. Bxb5 Qxb5 28. a4 Qb6 29. Ng4 Ne4 30. Qh5 Re6 31. c4 Nf6 32. Rxe6 Qxe6 33. Nxf6+ Qxf6 34. cxd5 Qd4 35. Re7 Qxd5 36. Qxd5 Rxd5 37. Rxb7 Rd1+ 38. Kh2 Rd6 39. Kg3 g6 40. Kf3 Re6 41. a5 Re5 42. b4 Re1 43. Rb6 Rb1 44. Ke4 Rb2 45. f3 h5 46. Kd5 Rxg2 47. Rxa6 Rh2 48. Ra8+ Kg7 49. a6 1-0

[Event "Sitges op 47th"]
[Site "Sitges"]
[Date "2023.07.25"]
[Round "4"]
[White "Aloma Vidal, Roberto"]
[Black "Berdayes Ason, Dylan Isidro"]
[Result "1/2-1/2"]
[WhiteElo "2446"]
[BlackElo "2509"]
[PlyCount "29"]
[EventDate "2023.07.22"]
[EventType "swiss"]
[EventRounds "9"]
[EventCountry "ESP"]
[SourceTitle "CBM 215 Extra"]
[Source "ChessBase"]
[SourceDate "2023.09.30"]
[SourceVersion "1"]
[SourceVersionDate "2023.09.30"]
[SourceQuality "1"]

1. Nf3 d5 2. g3 Bg4 3. Bg2 e6 4. 0-0 Nf6 5. h3 Bh5 6. c4 c6 7. d4 Nbd7 8. cxd5 exd5 9. Ne5 Ne4 10. Bxe4 Nxe5 11. dxe5 dxe4 12. Nc3 Bg6 13. Qb3 Qc8 14. Be3 Be7 15. Rac1 1/2-1/2

[Event "Sitges op 47th"]
[Site "Sitges"]
[Date "2023.07.22"]
[Round "1"]
[White "Berdayes Ason, Dylan Isidro"]
[Black "Ros Alonso, Joana"]
[Result "1-0"]
[WhiteElo "2509"]
[BlackElo "2065"]
[PlyCount "105"]
[EventDate "2023.07.22"]
[EventType "swiss"]
[EventRounds "9"]
[EventCountry "ESP"]
[SourceTitle "CBM 215 Extra"]
[Source "ChessBase"]
[SourceDate "2023.09.30"]
[SourceVersion "1"]
[SourceVersionDate "2023.09.30"]
[SourceQuality "1"]

1. d4 Nf6 2. c4 g6 3. Nc3 d5 4. cxd5 Nxd5 5. e4 Nxc3 6. bxc3 Bg7 7. Nf3 c5 8. Bb5+ Bd7 9. Be2 0-0 10. 0-0 Nc6 11. Be3 Qa5 12. Qb3 Rfd8 13. d5 Ne5 14. Nxe5 Bxe5 15. Rac1 Rac8 16. c4 Bg7 17. f4 e5 18. f5 a6 19. Qb2 Qc7 20. g4 Rb8 21. Qd2 Qd6 22. Rf3 f6 23. h4 Rf8 24. Qe1 Rf7 25. Qf2 b6 26. Bf1 Rbf8 27. Bh3 Kh8 28. Kh1 Qe7 29. Rb1 Qd6 30. Rf1 Be8 31. g5 fxg5 32. hxg5 gxf5 33. exf5 e4 34. Rf4 Be5 35. Rxe4 Bd7 36. Bf4 Bxf4 37. Rxf4 b5 38. Qc2 bxc4 39. Qxc4 Qe5 40. Qxc5 Rg8 41. Qd4 Qxd4 42. Rxd4 Rxg5 43. Rdf4 Bc8 44. Kh2 Rf6 45. Re1 Rg8 46. Re7 Rd8 47. Kg3 Kg8 48. Rg4+ Kh8 49. Rg5 Rff8 50. Rh5 Rg8+ 51. Kf4 Rg7 52. f6 Rxe7 53. fxe7 1-0